000 00600nam a2200205Ia 4500
003 GCL
008 140319s9999 xx 000 0 ara d
020 _a3076108977
040 _aGCL /
_cGCL
082 0 4 _a810.8
_bم ا
100 1 _aمصطفى محمود
245 1 0 _aعلم نفس قرانى جديد /
_cمصطفى محمود
260 _aالقاهرة :
_bدار اخبار اليوم ،
_c1998
300 _a167 ص ؛
_c15 سم
490 _aكتاب اليوم
_v0
650 0 4 _aالاسلام
650 0 4 _aالاسلام والعلم
650 0 4 _aعلم النفس
942 _2ddc
_cBK
999 _c501
_d501